[Event "Idaho Closed"]
[Site "Twin Falls, ID"]
[Date "2011.02.20"]
[Round "4.8"]
[White "Porth, Adam"]
[Black "Pentico, Christopher"]
[Result "1-0"]
[WhiteElo "1244"]
[BlackElo "1459"]

1. e4 Nf6 2. e5 Nd5 3. Bc4 e6 4. c3 Qg5 5. Bxd5 Qxe5+ 6. Qe2 Qxd5 7. Nf3 b6 8.
d4 Ba6 9. Qe5 Qxe5+ 10. Nxe5 d6 11. Nf3 c5 12. Be3 Nc6 13. Nbd2 cxd4 14. Nxd4
Nxd4 15. Bxd4 e5 16. Be3 f5 17. f3 f4 18. Bf2 d5 19. O-O-O Bc5 20. Bxc5 bxc5
21. Rhe1 O-O-O 22. Rxe5 Rhe8 23. Rxe8 Rxe8 24. Nb3 Bc4 25. Nxc5 Bxa2 26. b3
Re2 27. Rd2 Rxd2 28. Kxd2 Bb1 29. Ne6 Kd7 30. Nxf4 Kd6 31. g4 Ke5 32. Ke3 g5
33. Ne2 Ba2 34. b4 a6 35. Nd4 Bc4 36. Nc6+ Kd6 37. Na5 Bb5 38. Kd4 Be2 39. Ke3
Bb5 40. f4 gxf4+ 41. Kxf4 h6 42. h4 Ke6 43. Nb3 Kf6 44. h5 Bd3 45. Nd4 Kg7 46.
g5 hxg5+ 47. Kxg5 Be4 48. Ne6+ Kh7 49. Nc5 {#r} 1-0

[Event "Idaho Closed"]
[Site "Twin Falls, ID"]
[Date "2011.02.21"]
[Round "5.7"]
[White "Abderhalden, Katherine Louise"]
[Black "Porth, Adam"]
[Result "1-0"]
[WhiteElo "1741"]
[BlackElo "1244"]

1. d4 d5 2. Bf4 e6 3. Nf3 c5 4. e3 c4 5. c3 Nf6 6. Nbd2 g6 7. Bg5 Bg7 8. e4
Qb6 9. e5 Nfd7 10. Rb1 O-O 11. Be2 Nc6 12. O-O Qc7 13. Re1 f6 14. exf6 Nxf6
15. a4 e5 16. dxe5 Nxe5 17. Nxe5 Qxe5 18. Nf3 Qf5 19. Bxf6 Bxf6 20. Nd4 Bxd4
21. Qxd4 Be6 22. Bf3 Rfd8 23. Rbd1 b6 24. h3 Rd7 25. Bg4 Qxg4 26. hxg4 Bf7 27.
Qf6 Rf8 28. Re7 Rxe7 29. Qxe7 a5 30. Qb7 Be6 31. Re1 Bf7 32. Re7 Kg7 33. g5
{#r} 1-0

[Event "Idaho Closed"]
[Site "Twin Falls, ID"]
[Date "2011.02.21"]
[Round "6.10"]
[White "Porth, Adam"]
[Black "Seekamp III, John Edwin"]
[Result "0-1"]
[WhiteElo "1244"]
[BlackElo "786"]

1. e4 e5 2. Nf3 Nc6 3. c3 Bc5 4. d4 exd4 5. Nxd4 Bxd4 6. cxd4 d5 7. e5 f6 8.
Bb5 fxe5 9. Qh5+ g6 10. Qxe5+ Qe7 11. Bxc6+ bxc6 12. Bf4 Nf6 13. O-O Qxe5 14.
Bxe5 O-O 15. Nc3 Ne4 16. Nxe4 dxe4 17. Rfe1 Rb8 18. b3 Bf5 19. Rac1 Rb6 20.
Bxc7 Ra6 21. a4 h5 22. Rc5 Rf7 23. Be5 Be6 24. Re3 Rb7 25. Rcc3 Rab6 26. Kf1
Bxb3 27. Rxe4 Bxa4 28. Bf4 Rb3 29. Rce3 Rxe3 30. Rxe3 a5 31. Re6 Rb1+ 32. Ke2
Bb5+ 33. Kf3 a4 34. Bd6 Rb3+ 35. Re3 Bd3 36. Kf4 a3 37. Bxa3 Rxa3 38. Ke5 Ra5+
39. Kd6 Rd5+ 40. Kxc6 Rxd4 41. Kc5 Rc4+ 42. Kd5 Bf1 43. g3 Rc2 44. Re8+ Kh7
45. Rf8 Kg7 46. Rf4 g5 47. Rf5 Kg6 48. Re5 Rxf2 49. h4 g4 50. Rg5+ Kh6 51. Ke4
Rf3 52. Re5 Bg2 53. Rg5 Rxg3+ 54. Kf4 Rf3+ 55. Ke4 g3 56. Rf5 Rxf5+ 57. Kxf5
Bh1 58. Kf4 g2 59. Kg3 g1=Q+ 60. Kh3 Qg2# 0-1

[Event "ICU MVCC Ch (Challenger)"]
[Site "Twin Falls, ID"]
[Date "2011.03.26"]
[Round "1.1"]
[White "Arp, Jared"]
[Black "Porth, Adam"]
[Result "1-0"]
[WhiteElo "1000"]
[BlackElo "1224"]

1. e4 c6 2. Nf3 d5 3. d3 dxe4 4. Nfd2 e3 5. Ne4 exf2+ 6. Nxf2 Nf6 7. Bg5 Qa5+
8. Bd2 Qb6 9. Nc3 Nbd7 10. Qf3 Ne5 11. Qg3 Bf5 12. Qxe5 Bg4 13. Nxg4 Nxg4 14.
Qg3 e6 15. Qxg4 Qxb2 16. Rb1 Qxc2 17. Rxb7 g6 18. Qe4 Rc8 19. Qd4 Rd8 20. Qxh8
c5 21. Qxh7 Rd7 22. Rxd7 Kxd7 23. Qxf7+ Be7 24. Be2 c4 25. dxc4 a5 26. O-O
Qxd2 27. Rd1 Qxd1+ 28. Bxd1 a4 29. Bxa4+ Kd6 30. Ne4+ Ke5 31. Qxe7 Kxe4 32.
Qxe6+ Kd4 33. Qd5+ Kc3 34. c5 g5 35. c6 g4 36. c7 Kb2 37. Qb3+ Ka1 38. Qd1+
Kxa2 39. c8=Q g3 40. Qcc2+ Ka3 41. Qb3# 1-0

[Event "ICU MVCC Ch (Challenger)"]
[Site "Twin Falls, ID"]
[Date "2011.03.26"]
[Round "2.2"]
[White "Breault, Chuck"]
[Black "Porth, Adam"]
[Result "0-1"]
[WhiteElo "1000"]
[BlackElo "1224"]

1. e4 c6 2. Nc3 d5 3. exd5 cxd5 4. d4 Nf6 5. Nf3 Nc6 6. Bf4 e6 7. Nb5 e5 8.
dxe5 a6 9. exf6 axb5 10. fxg7 Bxg7 11. Bxb5 Qa5+ 12. c3 Qxb5 13. Qe2+ Qxe2+
14. Kxe2 Bg4 15. Rhe1 O-O 16. Kf1 Bxf3 17. gxf3 d4 18. cxd4 Nxd4 19. Be5 Nxf3
20. Bxg7 Kxg7 21. Re3 Nd2+ 22. Ke2 Nc4 23. Rg3+ Kh8 24. Rc3 Rfe8+ 25. Kd3
Nxb2+ 26. Kc2 Re2+ 27. Kb3 Rxf2 28. Rc2 Rxc2 29. Kxc2 Nc4 30. a4 b5 31. Kc3
Kg7 32. Kb4 Rxa4+ 33. Rxa4 bxa4 34. Kxa4 f5 35. Kb4 Nd2 36. Kc3 Nf3 37. Kd3
Nxh2 38. Ke3 Kf6 39. Kf4 h5 40. Kg3 Ng4 41. Kh4 f4 42. Kxh5 Kf5 43. Kh4 Ke4
44. Kxg4 Ke3 45. Kh3 Ke2 46. Kg4 f3 47. Kf4 f2 48. Ke5 f1=Q 49. Kd5 Qf4 50.
Kc5 Kd3 51. Kc6 Qe5 52. Kb6 Kc4 53. Ka6 Kc5 54. Ka7 Kc6 55. Ka8 Kc7 56. Ka7
Qa1# 0-1

[Event "ICU MVCC Ch (Challenger)"]
[Site "Twin Falls, ID"]
[Date "2011.03.27"]
[Round "3.1"]
[White "Porth, Adam"]
[Black "Bruck, Nick Jon"]
[Result "1-0"]
[WhiteElo "1224"]
[BlackElo "1101"]

1. d4 d5 2. Nf3 Nc6 3. e3 Qd6 4. a3 a6 5. c4 dxc4 6. Bxc4 Bg4 7. Nbd2 Nf6 8.
Qb3 Be6 9. Qxb7 Ra7 10. Qb3 Bxc4 11. Nxc4 Qd5 12. O-O Qb5 13. Qc2 e6 14. Nce5
Nxe5 15. Nxe5 Bd6 16. f4 O-O 17. Rf3 c5 18. Rh3 cxd4 19. Ng4 d3 20. Nxf6+ gxf6
21. Qc3 e5 22. Qe1 exf4 23. Qh4 Qf5 24. exf4 Bc5+ 25. Be3 Bxe3+ 26. Rxe3 Qd5
27. Qf2 Qd6 28. Rg3+ Kh8 29. Qxa7 d2 30. Rd1 Rc8 31. Qxf7 Qd4+ 32. Kh1 f5 33.
Rh3 Qg7 34. Qxg7+ Kxg7 35. Rc3 Re8 36. Rf3 Re2 37. Kg1 Re1+ 38. Rf1 Re2 39. g3
Kh6 40. h3 Kg6 41. b4 Re3 42. Rxd2 Rxg3+ 43. Rg2 Kh5 44. Rxg3 Kh4 45. Kg2 h5
46. Rg4+ hxg4 47. hxg4 Kxg4 48. Re1 Kxf4 49. a4 Kg4 50. b5 f4 51. b6 f3+ 52.
Kf2 Kh3 53. b7 a5 54. b8=Q Kg4 55. Qf8 Kh3 56. Rg1 Kh2 57. Qh6# 1-0

[Event "ICU MVCC Ch (Challenger)"]
[Site "Twin Falls, ID"]
[Date "2011.03.27"]
[Round "4.1"]
[White "Dalesandro, David"]
[Black "Porth, Adam"]
[Result "0-1"]
[WhiteElo "1000"]
[BlackElo "1224"]

1. e4 c6 2. Bc4 d5 3. exd5 cxd5 4. Bb5+ Bd7 5. Bxd7+ Nxd7 6. d4 Ngf6 7. Nf3
Qc7 8. O-O e6 9. b3 Bd6 10. g3 Rc8 11. c3 Ne4 12. Bb2 O-O 13. Qe2 f5 14. c4 f4
15. Nbd2 Ndf6 16. Rac1 Qf7 17. c5 Bc7 18. a4 Qh5 19. Nxe4 Nxe4 20. c6 b6 21.
Ba3 Rf6 22. Qd3 Rg6 23. Nh4 Rg5 24. Be7 fxg3 25. Bxg5 gxh2+ 26. Kh1 Qxg5 27.
Qh3 Nxf2+ 28. Rxf2 Qxc1+ 29. Rf1 Qh6 30. Qf3 Qf6 31. Qh3 Qh6 32. Qg4 Rf8 33.
Nf3 Qe3 34. Nxh2 Qe4+ 35. Qg2 Qxg2+ 36. Kxg2 Rc8 37. Nf3 h5 38. Ne5 Bxe5 39.
dxe5 Rxc6 40. Rf3 Kh7 41. Kf2 Kh6 42. Ke3 Rc3+ 43. Kf4 Rxf3+ 44. Kxf3 g5 {#R}
0-1

[Event "Idaho Open (Reserve)"]
[Site "Pocatello, ID"]
[Date "2011.04.16"]
[Round "2.3"]
[White "Black, Gatlin Scott"]
[Black "Porth, Adam"]
[Result "1-0"]
[WhiteElo "760"]
[BlackElo "1312"]

1. e4 c6 2. d4 d5 3. e5 c5 4. dxc5 Qa5+ 5. Nc3 Qxc5 6. Qxd5 Qc7 7. Bb5+ Bd7 8.
Bf4 e6 9. Bxd7+ Nxd7 10. Qf3 Bb4 11. Nge2 Ne7 12. O-O Nc6 13. Qg3 g6 14. a3
Ba5 15. Nb5 Qb8 16. Nd6+ Kf8 17. Bh6+ Kg8 18. Rad1 Ndxe5 19. Qh4 Bd8 20. Qf4
f5 21. b4 Bf6 22. Bg5 Qf8 23. Bh6 Bg7 24. Bxg7 Qxg7 25. b5 Na5 26. Nd4 Qf6 27.
Rfe1 Nf7 28. Rxe6 Qg5 29. Qf3 Nxd6 30. Rxd6 Kg7 31. Rd7+ Kh6 32. Qh3+ Qh5 33.
Qe3+ Qg5 34. f4 Qh5 35. Ne6 Rhe8 36. Qd4 Rh8 37. Qg7# 1-0

[Event "Idaho Open (Reserve)"]
[Site "Pocatello, ID"]
[Date "2011.04.17"]
[Round "4.5"]
[White "Harrison, Nicholas Marc"]
[Black "Porth, Adam"]
[Result "0-1"]
[WhiteElo "647"]
[BlackElo "1312"]

1. d4 d5 2. Nf3 Nc6 3. Bf4 Nf6 4. e3 a6 5. Bd3 e6 6. Bg5 h6 7. Bxf6 Qxf6 8.
O-O Bd6 9. Nbd2 O-O 10. c3 e5 11. dxe5 Nxe5 12. Nxe5 Qxe5 13. Nf3 Qh5 14. h3
f5 15. Nd4 Qh4 16. f4 Rf6 17. Nf3 Qh5 18. Be2 Qf7 19. b3 Be6 20. Nd4 c6 21.
Nxe6 Qxe6 22. Rf3 Re8 23. Qd4 Qe4 24. Qd3 Rfe6 25. Rd1 Bc5 26. Rg3 Bxe3+ 27.
Rxe3 Qxe3+ 28. Kf1 Qxf4+ 29. Bf3 Re3 30. Qd2 Qh2 31. Kf2 Qf4 32. g3 Qxf3+ 33.
Kg1 Qxd1+ 34. Qxd1 Re1+ 35. Qxe1 Rxe1+ 36. Kf2 Rb1 37. b4 Kf7 38. a4 Rb3 39.
g4 Rxc3 40. gxf5 d4 41. Ke2 Kf6 42. h4 Kxf5 43. a5 g5 44. h5 g4 45. b5 g3 46.
b6 Kf4 47. Kf1 d3 48. Kg2 d2 49. Kh3 d1=Q 50. Kg2 Rc2+ 51. Kh3 Qh1# 0-1

[Event "Idaho Open (Reserve)"]
[Site "Pocatello, ID"]
[Date "2011.04.17"]
[Round "5.4"]
[White "Atkinson, Carly Sophia"]
[Black "Porth, Adam"]
[Result "0-1"]
[WhiteElo "160"]
[BlackElo "1312"]

1. e4 e5 2. Nf3 d6 3. Bc4 Be7 4. O-O Nf6 5. c3 O-O 6. d4 Nxe4 7. Qc2 Ng5 8.
Qd1 Be6 9. Bxe6 Nxe6 10. dxe5 d5 11. Nd4 c5 12. Nxe6 fxe6 13. Qg4 Rf5 14. Bh6
Qf8 15. Nd2 Nd7 16. Rae1 Qf7 17. Re3 Qg6 18. Qa4 Nb6 19. Qc2 Qxh6 20. Rh3 Rh5
21. Rg3 Rxh2 22. f4 Rh1+ 23. Kf2 Rxf1+ 24. Nxf1 Bh4 25. Qd3 Qxf4+ 26. Kg1 Bxg3
27. Nxg3 Rf8 28. Kh2 Nc4 29. Qf3 Qxf3 30. gxf3 Rxf3 31. Kg2 Rf8 32. b3 Nxe5
33. a4 d4 34. cxd4 cxd4 35. Ne4 d3 36. Kg3 Nf3 37. Kf2 Nd2+ 38. Ke3 Nxb3 39.
Kxd3 h5 40. Kc3 Na5 41. Kb4 Nc6+ 42. Kc4 h4 43. Ng5 Ne5+ 44. Kd4 Nf3+ 45. Nxf3
Rxf3 46. Ke4 Rf8 47. a5 h3 48. Ke5 h2 49. Kxe6 h1=Q 50. Kd6 Qe4 51. Kc7 Qc6#
0-1

[Event "ICU Twin Falls City Ch"]
[Site "Twin Falls, ID"]
[Date "2011.06.25"]
[Round "1.4"]
[White "Roland, Jeffrey T"]
[Black "Porth, Adam"]
[Result "1-0"]
[WhiteElo "1679"]
[BlackElo "1224"]

1. d4 e6 2. c4 d5 3. Nc3 Bb4 4. Qb3 Bxc3+ 5. bxc3 Ne7 6. e3 b6 7. cxd5 Nxd5 8.
Nf3 Bb7 9. Ba3 Ne7 10. Bb5+ Nbc6 11. Ne5 f6 12. Nxc6 Qd5 13. Nxe7+ {#r} 1-0

[Event "ICU Twin Falls City Ch"]
[Site "Twin Falls, ID"]
[Date "2011.06.25"]
[Round "2.6"]
[White "Myers, Hugh S"]
[Black "Porth, Adam"]
[Result "0-1"]
[WhiteElo "1657"]
[BlackElo "1224"]

1. e4 c6 2. f4 d5 3. e5 Bf5 4. Nf3 e6 5. d4 c5 6. c3 c4 7. Be2 Ne7 8. O-O Nec6
9. h3 Be7 10. g4 Bg6 11. Qe1 Nd7 12. b3 f5 13. bxc4 fxg4 14. hxg4 Be4 15. cxd5
Bxd5 16. Nbd2 O-O 17. Qg3 Qa5 18. c4 Bxf3 19. Nxf3 Nb6 20. Bd2 Qa3 21. Kg2 Qb2
22. Rfb1 Qc2 23. Rc1 Qe4 24. d5 Qxe2+ 25. Qf2 Qxf2+ 26. Kxf2 exd5 27. Kg3 {#R}
0-1

[Event "ICU Twin Falls City Ch"]
[Site "Twin Falls, ID"]
[Date "2011.06.25"]
[Round "3.5"]
[White "Porth, Adam"]
[Black "Looney, Daniel S"]
[Result "0-1"]
[WhiteElo "1224"]
[BlackElo "1641"]

1. d4 c5 2. Nf3 cxd4 3. Nxd4 e5 4. Nf3 Nc6 5. e4 Nf6 6. Nc3 Bb4 7. Bd2 O-O 8.
a3 Bxc3 9. Bxc3 Re8 10. Bd3 d5 11. Qe2 dxe4 12. Bxe4 Nd4 13. Qd3 Nxe4 14. Qxe4
Bf5 15. Qxf5 Nxf5 16. O-O Nd4 17. Rad1 Nxf3+ 18. gxf3 Qg5+ 19. Kh1 Rad8 20.
Rde1 Qf4 21. Re3 Rd6 22. Rd3 Rh6 23. Bxe5 Qxe5 {#R} 0-1

[Event "ICU Twin Falls City Ch"]
[Site "Twin Falls, ID"]
[Date "2011.06.25"]
[Round "4.5"]
[White "Porth, Adam"]
[Black "Bartell, Fred"]
[Result "0-1"]
[WhiteElo "1224"]
[BlackElo "1799"]

1. e4 c5 2. Nf3 Nc6 3. c3 b6 4. d4 cxd4 5. cxd4 Nf6 6. Nc3 Bb7 7. Bc4 e6 8.
O-O Bb4 9. Re1 Na5 10. Qa4 Bxc3 11. bxc3 Nxe4 12. Bb2 Nxc4 13. Qxc4 O-O 14.
Qd3 d5 15. Ne5 f5 16. Ba3 Re8 17. f3 Nd6 18. Bxd6 Qxd6 19. Qe3 Rac8 20. Rac1
Qa3 21. Qg5 Rc7 22. Qd2 Rec8 23. Re3 Qa5 24. f4 b5 25. g4 b4 26. gxf5 bxc3 27.
Qg2 exf5 28. Rc2 Qb4 29. Re1 Qxd4+ 30. Kf1 Ba6+ 31. Ree2 Qxf4+ 32. Ke1 Bxe2
33. Qxd5+ Kh8 34. Rxe2 Qh4+ 35. Kd1 Rd8 {#R} 0-1

[Event "Sumr Classic (Reserve)"]
[Site "Boise, ID"]
[Date "2011.07.09"]
[Round "1.2"]
[White "VanderSys, Kaleb B"]
[Black "Porth, Adam"]
[Result "0-1"]
[WhiteElo "501"]
[BlackElo "1312"]

1. e4 c6 2. d4 d5 3. exd5 cxd5 4. Bf4 Nf6 5. Nc3 a6 6. Nf3 Bf5 7. b4 e6 8. b5
Bb4 9. Qd2 Ne4 10. Qe3 Bxc3+ 11. Nd2 Bxd2+ {#R} 0-1

[Event "Sumr Classic (Reserve)"]
[Site "Boise, ID"]
[Date "2011.07.09"]
[Round "2.1"]
[White "Porth, Adam"]
[Black "Lang, Jamie"]
[Result "1/2-1/2"]
[WhiteElo "1312"]
[BlackElo "1321"]

1. e4 e5 2. Nf3 Nc6 3. c3 Nf6 4. d4 exd4 5. cxd4 Nxe4 6. d5 Bb4+ 7. Nbd2 Ne7
8. Ne5 Nxd5 9. a3 Ba5 10. b4 Nec3 11. Qb3 Qe7 12. Ndf3 d6 13. bxa5 dxe5 14.
Bc4 e4 15. Nd4 c6 16. O-O O-O 17. Bb2 c5 18. Bxd5 cxd4 19. Bxc3 dxc3 20. Qxc3
Bf5 21. Qb4 {#d} 1/2-1/2

[Event "Sumr Classic (Reserve)"]
[Site "Boise, ID"]
[Date "2011.07.09"]
[Round "3.2"]
[White "Patterson, Katie Rae"]
[Black "Porth, Adam"]
[Result "0-1"]
[WhiteElo "941"]
[BlackElo "1312"]

1. c4 Nf6 2. Nc3 e6 3. Nf3 d5 4. b3 Bc5 5. g3 Nbd7 6. Bg2 c6 7. O-O Ne4 8. d3
Nxc3 9. Qc2 d4 10. e3 Nf6 11. exd4 Bxd4 12. Bb2 Nxa2 13. Rxa2 Bxb2 14. Rxb2
O-O 15. d4 Qb6 16. d5 exd5 17. cxd5 cxd5 18. Re1 Be6 19. b4 Qc6 20. b5 Qxc2
21. Rxc2 Ng4 22. Bh3 a5 23. Bxg4 Bxg4 24. Rce2 Bxf3 25. Re3 Bg4 26. Re5 Be6
27. R5e3 a4 28. Kg2 a3 29. Ra1 a2 30. b6 d4 31. Rd3 Rfd8 32. Kf1 Rac8 33. Rxa2
Bxa2 34. Ke2 Bc4 35. Kd2 Bxd3 36. Kxd3 Rc3+ 37. Ke4 d3 38. Kf4 d2 39. Kg4
d1=Q+ 40. Kf4 Qd4+ 41. Kf5 Rc5# 0-1

[Event "Sumr Classic (Reserve)"]
[Site "Boise, ID"]
[Date "2011.07.10"]
[Round "4.1"]
[White "Porth, Adam"]
[Black "Hollingsworth, Gary"]
[Result "1/2-1/2"]
[WhiteElo "1312"]
[BlackElo "1203"]

1. e4 e5 2. Nf3 Nc6 3. c3 Nf6 4. d4 exd4 5. e5 Ng4 6. cxd4 d6 7. h3 dxe5 8.
hxg4 Bxg4 9. Bb5 Qd5 10. Bxc6+ Qxc6 11. dxe5 Bb4+ 12. Nc3 Bxc3+ 13. bxc3 Qxc3+
14. Bd2 Qc6 15. Rc1 Qe4+ 16. Be3 Bxf3 17. Qxf3 Qxf3 18. gxf3 c6 19. Ke2 g6 20.
Bc5 h5 21. f4 a6 22. Kf3 Rd8 23. Bd6 Kd7 24. Rhd1 Ke6 25. a4 Kf5 26. Rb1 b5
{#d} 1/2-1/2

[Event "SIO (Reserve)"]
[Site "Twin Falls, ID"]
[Date "2011.11.12"]
[Round "1.3"]
[White "Nathan, Jacob Ari"]
[Black "Porth, Adam"]
[Result "0-1"]
[WhiteElo "384"]
[BlackElo "1271"]

1. e4 c6 2. d3 e5 3. Nf3 Qc7 4. Nbd2 Bc5 5. g3 Qb6 6. d4 exd4 7. Bg2 Nf6 8.
O-O O-O 9. Ng5 h6 10. e5 Nd5 11. Nc4 Qd8 12. Qf3 hxg5 13. Qh5 Be7 14. Be4 f5
15. exf6 Nxf6 16. Qf3 Nxe4 17. Qxe4 d5 18. Qg6 dxc4 19. b3 Bh3 20. Re1 Qd5 21.
Re4 Bf5 22. Qxg5 Bxg5 23. Re1 Bh3 24. f3 Qxf3 25. Re2 Qf1# 0-1

[Event "SIO (Reserve)"]
[Site "Twin Falls, ID"]
[Date "2011.11.12"]
[Round "2.1"]
[White "Porth, Adam"]
[Black "Patterson, Kevin R"]
[Result "1-0"]
[WhiteElo "1271"]
[BlackElo "1192"]

1. e4 e6 2. c3 Nc6 3. d4 d5 4. e5 Nge7 5. Nf3 Nf5 6. g4 Nh4 7. Nxh4 Qxh4 8.
Be3 g6 9. Nd2 Qe7 10. Nf3 h6 11. Qa4 Bd7 12. Qb3 Na5 13. Qc2 b6 14. Ba6 Bg7
15. a4 Nc6 16. Bb5 Nb8 17. h3 Bxb5 18. axb5 c6 19. Qb3 O-O 20. O-O Qd7 21. h4
cxb5 22. Qc2 Nc6 23. h5 g5 24. Bxg5 hxg5 25. Nxg5 Bh6 26. Qh7# 1-0

[Event "SIO (Reserve)"]
[Site "Twin Falls, ID"]
[Date "2011.11.12"]
[Round "3.1"]
[White "Porth, Desmond"]
[Black "Porth, Adam"]
[Result "1/2-1/2"]
[WhiteElo "765"]
[BlackElo "1271"]

1. d4 e6 2. Nf3 d5 3. e3 c5 4. b3 Nc6 5. Bd3 Nb4 6. Bb2 Qa5 7. Bc3 Nxd3+ 8.
Qxd3 Qc7 9. Nbd2 b6 10. Bb2 Bb7 11. O-O Nf6 12. Rac1 Bd6 13. c4 O-O 14. Rfe1
Ng4 15. g3 dxc4 16. Nxc4 Bxf3 17. Nxd6 Qxd6 18. e4 Bxe4 19. Rxe4 Nf6 20. Rh4
Rad8 21. Qc2 Qe7 22. dxc5 g6 {#d} 1/2-1/2

[Event "SIO (Reserve)"]
[Site "Twin Falls, ID"]
[Date "2011.11.12"]
[Round "4.1"]
[White "Porth, Adam"]
[Black "Vereshchagin, Aleksandr"]
[Result "1-0"]
[WhiteElo "1271"]
[BlackElo "1281"]

1. e4 e5 2. Nf3 d6 3. c3 Nf6 4. d4 exd4 5. Qa4+ Nc6 6. cxd4 Bd7 7. d5 Ne5 8.
Qd4 Nxf3+ 9. gxf3 h6 10. Nc3 a6 11. Be3 c6 12. Bc4 c5 13. Qd2 b5 14. Be2 b4
15. Nd1 a5 16. Bc4 Qb8 17. b3 Bb5 18. Nb2 Bxc4 19. Nxc4 Be7 20. Bf4 Qb5 21.
Bxd6 Ra6 22. Qd3 Nd7 23. Rg1 g6 24. Be5 Nxe5 25. Nd6+ Rxd6 26. Qxb5+ Nd7 27.
Rc1 O-O 28. Qxa5 {#r} 1-0

[Event "WIO (Reserve)"]
[Site "Boise, ID"]
[Date "2011.12.10"]
[Round "2.2"]
[White "Patterson, Kevin R"]
[Black "Porth, Adam"]
[Result "1/2-1/2"]
[WhiteElo "1192"]
[BlackElo "1271"]

1. e4 c6 2. d4 d5 3. exd5 cxd5 4. Nf3 Bf5 5. Bd3 Bxd3 6. Qxd3 Nc6 7. Nc3 e6 8.
Be3 Nf6 9. h4 Nb4 10. Qe2 Be7 11. a3 Nc6 12. Qd3 Qb6 13. Qb5 Nd7 14. Qxb6 Nxb6
15. b3 Rc8 16. O-O Bf6 17. Bg5 Bxd4 18. Nb5 Bc5 19. Bf4 O-O 20. Rfe1 a6 21.
Nc3 Nd4 22. Ra2 Nxf3+ 23. gxf3 Bxf2+ 24. Kxf2 Rxc3 25. Rd1 Rfc8 26. Rd2 Nd7
27. Kg3 f6 28. Bd6 h5 29. a4 e5 30. Rxd5 Rxc2 31. Rxc2 Rxc2 32. Be7 Rc7 33.
Bd8 Nb6 34. Rd6 Rd7 35. Rxb6 Rxd8 36. Rxb7 Kf8 37. a5 Rd4 38. b4 e4 39. Kf2
{#d} 1/2-1/2

[Event "WIO (Reserve)"]
[Site "Boise, ID"]
[Date "2011.12.10"]
[Round "3.1"]
[White "Porth, Adam"]
[Black "Lang, Jamie"]
[Result "0-1"]
[WhiteElo "1271"]
[BlackElo "1342"]

1. d4 d5 2. Nf3 Nf6 3. e3 Bg4 4. Nbd2 e6 5. Bd3 c5 6. c3 c4 7. Bc2 b5 8. h3
Bxf3 9. Nxf3 Nc6 10. a3 a5 11. O-O b4 12. cxb4 axb4 13. Qe2 b3 14. Bd1 Ne4 15.
Ne5 Nxe5 16. dxe5 g6 17. f3 Ng3 18. Qf2 Nxf1 19. Qxf1 Bc5 20. f4 Qb6 21. Qf2
d4 22. Bf3 Rd8 23. Kh2 dxe3 24. Qe2 O-O 25. a4 Rd3 26. a5 Qa7 27. a6 Rfd8 28.
Ra4 c3 29. bxc3 Rxc3 30. Ba3 Bxa3 31. Rxa3 Rb8 32. Bb7 Rd8 33. Qb5 Rdd3 34.
Qe8+ Kg7 35. Qe7 e2 36. Qf6+ Kg8 37. Be4 Rd1 38. Bf3 Rxf3 39. gxf3 Qg1# 0-1

[Event "WIO (Reserve)"]
[Site "Boise, ID"]
[Date "2011.12.11"]
[Round "4.2"]
[White "Patterson, Katie Rae"]
[Black "Porth, Adam"]
[Result "0-1"]
[WhiteElo "911"]
[BlackElo "1271"]

1. e4 c6 2. d4 d5 3. exd5 cxd5 4. g3 Nf6 5. Bg2 Bf5 6. Nf3 Nc6 7. O-O Qd7 8.
Nc3 Bh3 9. Bg5 Bxg2 10. Kxg2 Ne4 11. Kg1 Nxg5 12. Nxg5 h6 13. Nf3 Qf5 14. Nb5
Rc8 15. Nh4 Qd7 16. Nc3 g5 17. Nf3 Bg7 18. Qd2 Qg4 19. Kg2 Bxd4 20. Rab1 e6
21. b4 Bb6 22. Rfe1 Nd4 23. Rb2 Nxf3 24. Qd1 Nxe1+ 25. Qxe1 Bd4 26. Rb3 Bxc3
27. Rxc3 O-O 28. Rxc8 Rxc8 29. h3 Qe4+ 30. Qxe4 dxe4 31. f3 Rxc2+ 32. Kf1 exf3
33. b5 Re2 34. a4 h5 35. g4 hxg4 36. hxg4 f5 37. b6 axb6 38. a5 bxa5 39. gxf5
exf5 40. Kg1 a4 41. Kf1 a3 42. Kg1 a2 43. Kf1 a1=Q# 0-1

[Event "ICU MVCC Ch (Champ)"]
[Site "Twin Falls, ID"]
[Date "2012.03.24"]
[Round "1.5"]
[White "Eacker, Barry D"]
[Black "Porth, Adam"]
[Result "1-0"]
[WhiteElo "1633"]
[BlackElo "1234"]

1. d4 e6 2. Nc3 d5 3. Nf3 Nf6 4. Bg5 Be7 5. e3 h6 6. Bf4 a6 7. Be2 c5 8. Ne5
Nc6 9. O-O Bd6 10. Bg3 Qc7 11. f4 cxd4 12. exd4 Nxd4 13. Bd3 Bc5 14. Bf2 Qb6
15. Na4 Qc7 16. Nxc5 Qxc5 17. c3 Qb6 18. Bxd4 Qxb2 19. Qa4+ Nd7 20. Rab1 Qd2
21. Rf2 Qxf2+ 22. Kxf2 O-O 23. Nxd7 b5 24. Bxb5 axb5 25. Qxa8 Bxd7 26. Qa7 Be8
27. Bc5 {#r} 1-0

[Event "ICU MVCC Ch (Champ)"]
[Site "Twin Falls, ID"]
[Date "2012.03.24"]
[Round "2.6"]
[White "Porth, Adam"]
[Black "Vereshchagin, Aleksandr"]
[Result "1-0"]
[WhiteElo "1234"]
[BlackElo "1457"]

1. e4 e5 2. Nf3 Nc6 3. Bc4 Bc5 4. d3 Nf6 5. Ng5 d5 6. exd5 Nxd5 7. Qh5 g6 8.
Qf3 Be6 9. Nxe6 fxe6 10. O-O Qd7 11. Bg5 Rf8 12. Qh3 Rf5 13. Be3 Nxe3 14. fxe3
Rxf1+ 15. Kxf1 Qf7+ 16. Ke2 Kd7 17. Nd2 Re8 18. Rf1 Qg7 19. Ne4 Bb6 20. Nf6+
Kd8 21. Nxe8 Kxe8 22. Qxe6+ Ne7 23. Qf7+ Qxf7 24. Rxf7 h5 25. e4 a6 26. b4 c6
27. Rf6 Bc7 28. Bf7+ Kd7 29. Bxg6 Nxg6 30. Rxg6 h4 31. g3 hxg3 32. hxg3 Bd6
33. g4 Bxb4 34. Rg7+ Be7 35. g5 Ke6 36. c4 c5 37. Kd2 b5 38. cxb5 axb5 39. Kc3
b4+ 40. Kb3 Kd6 41. Rg6+ Kd7 42. Rg7 Ke8 43. g6 Kf8 44. Rh7 Bg5 45. Rc7 Be3
46. a4 bxa3 47. Kxa3 Kg8 48. Ka4 {#r} 1-0

[Event "ICU MVCC Ch (Champ)"]
[Site "Twin Falls, ID"]
[Date "2012.03.24"]
[Round "3.5"]
[White "Roland, Jeffrey T"]
[Black "Porth, Adam"]
[Result "1/2-1/2"]
[WhiteElo "1700"]
[BlackElo "1234"]

1. d4 d5 2. c4 c6 3. Nc3 Nf6 4. Nf3 e6 5. Bg5 Nbd7 6. e3 Bb4 7. Bd3 h6 8. Bh4
c5 9. cxd5 exd5 10. O-O c4 11. Bb1 Bxc3 12. bxc3 O-O 13. Qc2 Qb6 14. a4 Ne4
15. Ne5 Nxe5 16. dxe5 Qg6 17. f3 Nc5 18. Qxg6 fxg6 19. Bxg6 Bf5 20. Bxf5 Rxf5
21. f4 Nd3 22. g4 Rf7 23. e6 Rff8 24. Rab1 b6 25. Rb5 Nc5 26. f5 Nxa4 27. Rxd5
Nxc3 28. Rd7 Ne4 29. Rfd1 c3 30. Rc7 Nc5 31. Be7 Rfc8 {#d} 1/2-1/2

[Event "ICU MVCC Ch (Champ)"]
[Site "Twin Falls, ID"]
[Date "2012.03.24"]
[Round "4.4"]
[White "Myers, Hugh S"]
[Black "Porth, Adam"]
[Result "1/2-1/2"]
[WhiteElo "1621"]
[BlackElo "1234"]

1. e4 d5 2. exd5 Qxd5 3. Nc3 Qa5 4. d3 Nf6 5. Bd2 Qb6 6. Rb1 Ng4 7. Nh3 e5 8.
Be2 Nf6 9. Ng1 Bc5 10. Be3 Bxe3 11. fxe3 Qxe3 12. Qd2 Ng4 13. Qxe3 Nxe3 14.
Kf2 Nxc2 15. Rc1 Nb4 16. a3 N4a6 17. Nf3 Nc6 18. Rhe1 O-O 19. Bf1 Re8 20. b4
Ne7 21. Nxe5 Bf5 22. g4 Be6 23. h3 f6 24. Nf3 Ng6 25. Kg3 c6 26. Ne4 Rad8 27.
d4 Nc7 28. Nc5 Bc8 29. h4 b6 30. Nd3 Ba6 31. Rxc6 {#d} 1/2-1/2

[Event "Idaho Open (Reserve)"]
[Site "Pocatello, ID"]
[Date "2012.04.21"]
[Round "1.1"]
[White "Blake, Isaac R.R"]
[Black "Porth, Adam"]
[Result "0-1"]
[WhiteElo "599"]
[BlackElo "1286"]

1. e4 e5 2. Nf3 Nc6 3. Bc4 Bc5 4. d3 Nf6 5. Ng5 d5 6. Bxd5 Nxd5 7. exd5 Qxd5
8. Qf3 Qxf3 9. Nxf3 Bg4 10. Nbd2 O-O 11. h3 Bxf3 12. Nxf3 Nb4 13. O-O Nxc2 14.
Rb1 Bd6 15. Rd1 Rfe8 16. Be3 e4 17. Ng5 Nxe3 18. fxe3 exd3 19. Rxd3 Rad8 20.
Rbd1 h6 21. Nf3 Re7 22. e4 Rxe4 23. Rd4 Bc5 {#R} 0-1